000 00837nam a2200229 a 4500
001 000035839
005 20200930074644.0
008 111115s1951 mx 000 0 spa d
040 _aDO-SdBNP
_bspa
_cBNPHU
082 _a128
_bC345a, 1951
100 1 _aCassirer, Ernst,
_d1874-1945
_961811
245 1 0 _aAntropología filosofica :
_bintroducción a una filosofía de la cultura /
_cErnst Cassirer.
250 _a2a. ed.
260 _aMéxico :
_bFondo de Cultura Económica,
_c1951.
300 _a319 p. ;
_c22 cm.
500 _aIncluye referencias bibliográficas y notas al pie de las páginas
590 _aPerteneció a la biblioteca personal de Juan Isidro Jimenes Grullón
650 4 _aAntropología filosófica
_97458
650 4 _aCultura
_xFilosofía
_961812
910 _aValidado. Control de calidad MFF
049 _aBNPD
999 _c35330
_d35330